Límites con Chile / (Record no. 156082)

MARC details
000 -LEADER
campo de control de longitud fija 00823nam a2200193 i 4500
001 - NÚMERO DE CONTROL
campo de control 156082
003 - IDENTIFICADOR DE NÚMERO DE CONTROL
campo de control ES-MaACL
005 - FECHA Y HORA DE LA ÚLTIMA TRANSACCIÓN
campo de control 20230906210320.0
008 - DATOS DE LONGITUD FIJA--INFORMACIÓN GENERAL
campo de control de longitud fija 981216s1895 ag |||| | spa d
100 1# - ENTRADA PRINCIPAL--NOMBRE DE PERSONA
Nombre de persona Irigoyen, Bernardo de.
9 (RLIN) 128198
245 10 - MENCIÓN DEL TÍTULO
Título Límites con Chile /
Mención de responsabilidad, etc. artículos del Doctor Irigoyen ; publicados en la prensa de la capital y recopilados por Arturo B. Carranza.
260 ## - PUBLICACIÓN, DISTRIBUCIÓN, ETC.
Lugar de publicación, distribución, etc. Buenos Aires :
Nombre del editor, distribuidor, etc. [s.n.],
Fecha de publicación, distribución, etc. 1895 (
Fabricante imprenta de Juan A. Alsina)
300 ## - DESCRIPCIÓN FÍSICA
Extensión 80 p. ;
Dimensiones 21 cm.
505 8# - NOTA DE CONTENIDO CON FORMATO
Nota de contenido con formato Contiene: ;
Título El tratado ;
-- La convención ;
-- El protocolo
651 #4 - PUNTO DE ACCESO ADICIONAL DE MATERIA--NOMBRE GEOGRÁFICO
Nombre geográfico Argentina-
Subdivisión general Fronteras-
Subdivisión geográfica Chile.
9 (RLIN) 158791
651 #4 - PUNTO DE ACCESO ADICIONAL DE MATERIA--NOMBRE GEOGRÁFICO
Nombre geográfico Chile-
Subdivisión general Fronteras-
Subdivisión geográfica Argentina.
9 (RLIN) 158792
700 1# - ENTRADA AGREGADA--NOMBRE PERSONAL
Nombre de persona Carranza, Arturo B.
9 (RLIN) 126350
852 ## - LOCALIZACIÓN
Ubicación ES-MaACL
Número de control de estantería T-797-F-6
Nota libre - Enc. hol., conservando cub. original
-- - Enc. en un vol. facticio
Holdings
Estatus retirado Estado de pérdida Estado de daño No para préstamo Colección Biblioteca de origen Biblioteca actual Ubicación en estantería Fecha de adquisición Total de préstamos Signatura topográfica completa Código de barras Visto por última vez Precio de reemplazo Tipo de ítem Koha
        Colección de folletos Biblioteca del Ateneo de Madrid Biblioteca del Ateneo de Madrid Depósito folletos 17/01/2008   T-797-F-6 1163289 23/02/2023 23/02/2023 Folleto